Atletico Madrid All-Time Starting XI - Statistics

General Stats
  • This quiz has been taken 145 times
  • The average score is 7 of 13
Answer Stats
Position Player % Correct
GK (2014- ) Jan Oblak
98%
FW (2014-19/21- ) Antoine Griezmann
96%
Coach (2011- ) Diego Simeone
93%
MF (2008- ) Koke
91%
DF (2010-19) Diego Godin
89%
FW (2001-07/16-18) Fernando Torres
78%
DF (2011-19) Juanfran
70%
MF (2002-07/11-18) Gabi
63%
FW (1964-74) Luis Aragones
26%
12th man (1966-77) José Eulogio Gárate
3%
MF (1959-76) Adelardo Rodríguez
1%
DF (1958-72) Isacio Calleja
1%
DF (1999-2001) Toni Muñoz
1%
No matching quizzes found
Score Distribution
Percent of People with Each Score
Percentile by Number Answered
Your Score History
You have not taken this quiz